| 000 | 00848cam a22002295a 4500 | ||
|---|---|---|---|
| 001 | 17816703 | ||
| 005 | 20201128023702.0 | ||
| 008 | 130717t2014 xxca frb 001 0 eng d | ||
| 020 | _a9781926895499 | ||
| 040 |
_aDLC _beng _cDLC _dEG-ScBUE |
||
| 082 | 0 | 4 |
_222 _a620.118 _bNAN |
| 245 | 0 | 0 |
_aNanostructure, nanosystems, and nanostructured materials : _btheory, production, and development / _cedited by P. M. Sivakumar ... [et al.] |
| 260 |
_aOakville ; _aWaretown : _bApple Academic Press ; _a[Boca Raton] : _bCRC Press / Taylor & Francis Group, _cc.2014. |
||
| 300 |
_axxii, 558 p. : _bill. ; _c24 cm. |
||
| 500 | _aIndex : p. 535-558. | ||
| 504 | _aIncludes bibliographical references. | ||
| 650 | 7 |
_2BUEsh _9518 _aNanostructured materials. |
|
| 651 | _2BUEsh | ||
| 653 |
_bPPhrm _cMarch2016 |
||
| 700 | 1 |
_aSivakumar, P. M., _eeditor. |
|
| 942 | _2ddc | ||
| 999 |
_c21492 _d21464 |
||